| 000 | 00596nam a2200193Ia 4500 | ||
|---|---|---|---|
| 005 | 20250508163729.0 | ||
| 008 | 008 250505s9999 xx 000 0 eng d | ||
| 037 | _aReference | ||
| 040 |
_aFEDL _beng _cFEDL |
||
| 041 |
_aeng _2eng |
||
| 084 |
_a370.7, BID/RR _qFEDL |
||
| 100 | _aBiddle Bruce J Ed. | ||
| 245 | 0 | _aInternational handbook of teachers and teaching. 2 Vols | |
| 260 |
_aDordrecht _bKluwer Academic Publishers _c1997 |
||
| 490 | _vVol. 1 | ||
| 700 |
_a Good Thomas L Ed. Goodson Ivor F Ed. _9776147 |
||
| 942 |
_cREF _h370.7, BID/RR |
||
| 999 |
_c1384942 _d1384942 |
||